000 01513nam a2200217Ia 4500
999 _c39091
_d39091
003 OSt
005 20201015113444.0
008 160316s2001 xxu||||| |||| 00| 0 eng d
020 _a 9780714683140
040 _cnls
082 _a320.010000
_bDRO
100 _aDror Yehezkel
245 _aThe capacity to govern
260 _aLondon
_bFrank Cass
_c2001
300 _a264p
_cxiii
365 _b Rs. 3,480
505 _aTable of contents Part 1 Leitmotif - redesigning governance for guiding global transformations: mission - improving capacities to govern; foundations in political philosophy. Part 2 The problematic: unprepared societies and obsolete governance; predicaments and opportunities; political culture and obstacles. Part 3 Redesign requirements: gearing for higher-order tasks; a "feature model" of high-quality governance. Part 4 The resolution: approaches to redesign; fostering "raison d'humanite"; virtues against vices; empowering the people with public affairs enlightenment; refashioning governance elites; on rulership; deepening policy reflection; qualifying in "fuzzy-gambling"; improving the central minds of government; restructuring governance architecture; governing private power; making global governance more resolute; augmenting oversight; gearing governance for crises; strengthening the autonomy of high-quality government; finale - governance redesign pending a quantum leap
650 _a1. Political Science2. Public Administration
700 _a
_a
942 _2ddc
_cBK